General Literature Quiz 2.0 - Statistics

General Stats
  • This quiz has been taken 199 times
  • The average score is 19 of 28
Answer Stats
Question Answer % Correct
The Lion, the Witch, and the ______ Wardrobe
100%
What animal was Pi trapped on a boat with? Tiger
97%
Which sci-fi novel features an invasion of Earth by the 'Martians' War of the Worlds
94%
What did the Greeks build to defeat the Trojans? Wooden Horse
94%
Who does Charlie take to the chocolate factory? His Grandfather
91%
Holly Golightly stars in which New York novel? Breakfast at Tiffany's
88%
Whose submarine is the 'Nautilus'? Captain Nemo
88%
What is the first name of the 'Great Gatsby'? Jay
88%
What type of fish did Santiago 'the old man' catch? (Hemmingway) Marlin / Swordfish
88%
In what country are the Hunger Games held? Panem
88%
Who were in charge of 'Animal Farm'? The Pigs
85%
Which novel is an allegory for the Russian Revolution? Animal Farm
82%
How many 'Arabian Nights' are there? 1001
73%
What is the name of Primrose's cat? Buttercup
70%
Who are the four wizards that are selected for the Triwizard tournament? Harry, Cedric, Fleur, Viktor
70%
The cyclops that Percy Jackson defeated was also tricked by ________. Odysseus
67%
Zaphod Beeblebrox is the ____________? President of the Galaxy
67%
Which children's novel features a magical land in the clouds? The Magic Faraway Tree
67%
What arrives without any warning; it is simply here today, when yesterday it was not? The Night Circus
67%
Who was tempted with turkish delight from a witch? Edmund
61%
How many tasks did Heracles have to complete? 12
58%
Which of the following is NOT a horcrux Sword of Gryffindor
52%
Which novel revolves around the relationships between three people in Brooklyn; one being a holocaust survivor? Sophie's Choice
39%
Who is Simon Speer's pen-pal? Blue
33%
Who is the father of Clary Fairchild? Valentine Morgenstern
33%
Feyre is the highlady of which court? Night
24%
What is the name of Zaphod's ship? Heart of Gold
21%
Resurrected soldiers from the 'Mortal Engines' series? Stalkers
18%
No matching quizzes found
Score Distribution
Percent of People with Each Score
Percentile by Number Answered
Your Score History
You have not taken this quiz